Neuroendocrinology /

Sparad:
Bibliografiska uppgifter
Huvudupphovsman: Scharrer, Ernst.
Övriga upphovsmän: Scharrer, Berta.
Materialtyp: Sách giấy
Språk:English
Publicerad: New York : Columbia University Press, 1963.
Taggar: Lägg till en tagg
Inga taggar, Lägg till första taggen!
Thư viện lưu trữ: Thư viện Trường Đại học Đà Lạt
LEADER 00657nam a2200277 4500
001 DLU100111397
005 ##2010908
040 # # |a DLU  |b vie 
041 # # |a eng 
044 # # |a us 
082 # # |a 616.8  |b SC-E 
100 # # |a Scharrer, Ernst. 
245 # # |a Neuroendocrinology /  |c Ernst Scharrer, Berta Scharrer. 
260 # # |a New York :  |b Columbia University Press,  |c 1963. 
300 # # |a xiv, 289 p. ;  |c 24 cm. 
700 # # |a Scharrer, Berta. 
923 # # |a 100/2010 
992 # # |a 0 
994 # # |a DLU 
900 # # |a True 
911 # # |a Đào Thị Thu Huyền 
925 # # |a G 
926 # # |a A 
927 # # |a SH 
980 # # |a Thư viện Trường Đại học Đà Lạt